=LDR 00000nam 2200000 4500 =001 INLIS000000000038293 =005 20130612143951 =008 ***********************************Ind** =035 ##$$a0010-061300000038293 =041 ##$$a Ind =082 ##$$a 634.65 =090 ##$$a 634.656, Sob b =100 ##$$a Sobir =245 ##$$a Bertanam durian unggul, Sobir,pbd, Rodame m. Napaitupulu =260 ##$$a 2010 $b Jakarta6bPenebar Swadaya =300 ##$$a 212 hlm, Ilus, 23 cm =650 ##$$a Durian - Budidaya =700 ##$$a Napitupulu, Rodame M =850 ##$$a NBPNMAT =990 ##$$a 21194746/BPAP-NTB/2014 =990 ##$$a 21400613/BPAP-NTB/20142014